| 000 | 02168cam a2200169 4500500 | ||
|---|---|---|---|
| 005 | 20260208010749.0 | ||
| 041 | _afre | ||
| 042 | _adc | ||
| 100 | 1 | 0 |
_aVerdeau, Patricia _eauthor |
| 245 | 0 | 0 | _aHenri Bergson, Introduction à la métaphysique, Paris, puf, coll. « Quadrige/Grands textes », 2011, 104 p., 11 €. Henri Bergson, L’Intuition philosophique, Paris, puf, coll. « Quadrige/Grands textes », 2011, 72 p., 8 €. Henri Bergson, La Perception du changement, Paris, puf, coll. « Quadrige/Grands textes », 2011, 80 p., 9 €. Henri Bergson, La Conscience et la Vie, Paris, puf, coll. « Quadrige/Grands textes », 2011, 76 p., 9 €. Henri Bergson, Sur le pragmatisme de William James, Paris, puf, coll. « Quadrige/Grands textes », 2011, 176 p., 13 €. Henri Bergson, Écrits philosophiques, Paris, puf, coll. « Quadrige/Grands textes », 2011, 1032 p., 25 €., Frédéric Worms et Camille Riquier (dir.), Lire Bergson, Paris, <span class="marq |
| 260 | _c2012. | ||
| 500 | _a30 | ||
| 520 | _aRésuméSont éditées et présentées 24 lettres de Bergson à Salomon Reinach. Outre l’intérêt biographique de cette correspondance, on y trouve trois lettres au moins offrant un véritable intérêt philosophique : une présentation par Bergson de la philosophie de William James et deux lettres sur des aspects de sa propre philosophie, suscitées par la préparation et la parution des Lettres à Zoé. | ||
| 520 | _aNew unpublished letters from Bergson to Salomon ReinachTwenty-four letters from Bergson to Salomon Reinach are edited and presented here. Besides the biographical interest of this correspondence, at least three letters offer a real philosophical interest: a presentation by Bergson of William James’s philosophy and two letters on aspects of his own philosophy, prompted by the preparation and the publication of Lettres à Zoé, a book on history of philosophy by Reinach. | ||
| 786 | 0 | _nRevue philosophique de la France et de l'étranger | 137 | 2 | 2012-06-12 | p. 241a-243a | 0035-3833 | |
| 856 | 4 | 1 | _uhttps://shs.cairn.info/revue-philosophique-2012-2-page-241a?lang=fr&redirect-ssocas=7080 |
| 999 |
_c1658080 _d1658080 |
||